| 000 | 00603nam a22002057a 4500 | ||
|---|---|---|---|
| 003 | OSt | ||
| 005 | 20251222085956.0 | ||
| 008 | 251222b |||||||| |||| 00| 0 eng d | ||
| 020 | _a9789997101969 | ||
| 040 | _cDCL | ||
| 041 | _aEnglish | ||
| 082 | _a923.195101 | ||
| 100 | 0 | _aMaung Maung | |
| 245 | 1 | 0 |
_aAnawrahta of Bagan Dynasty / _cMaung Maung. |
| 260 |
_aYangon : _bToday Publishing House, _c2017. |
||
| 300 |
_a82 pages : _c20 cm. |
||
| 504 | _aIncludes bibliographical notes and index. | ||
| 651 |
_aMyanmar _vKings & Rulers _yBagan Dynasty _xBiography |
||
| 942 |
_2ddc _cSHORT TERM _n0 |
||
| 999 |
_c2777 _d2777 |
||